Podpis asociačnej zmluvy Ukrajiny s Európskou úniou
Asociačná dohoda medzi Európskou Úniou a Ukrajinou má byť podpísaná 28.11.2013 v litovskej metropole Viľnius. Tento významný krok sa deje v období, keď Európska únia prežíva zložité obdobie hospodárskej krízy, nepokojov, štrajkov, nárastu radikalizmu a vyvoláva vzostup euroskepticizmu. Zo strany Ukr...
Saved in:
| Main Author: | |
|---|---|
| Other Authors: | |
| Format: | Book Chapter |
| Language: | Slovak |
| Subjects: | |
| Tags: |
No Tags, Be the first to tag this record!
|
MARC
| LEADER | 00000nla a2200000 4500 | ||
|---|---|---|---|
| 001 | 0183007 | ||
| 005 | 20221020084504.8 | ||
| 041 | 0 | |a slo | |
| 044 | |a SK | ||
| 245 | 1 | 0 | |a Podpis asociačnej zmluvy Ukrajiny s Európskou úniou |c Vasyl Zaplatynskyi, Jozef Vook |
| 520 | |a Asociačná dohoda medzi Európskou Úniou a Ukrajinou má byť podpísaná 28.11.2013 v litovskej metropole Viľnius. Tento významný krok sa deje v období, keď Európska únia prežíva zložité obdobie hospodárskej krízy, nepokojov, štrajkov, nárastu radikalizmu a vyvoláva vzostup euroskepticizmu. Zo strany Ukrajiny má riešiť dilemu, či dohoda a vstup do colnej únie bude úspešnou perspektívou a prinesie krajine viac pozitív než negatív. | ||
| 610 | 2 | 0 | |a Európska únia |
| 610 | 2 | 0 | |a Ukrajina |
| 610 | 2 | 0 | |a únie colné |
| 610 | 2 | 0 | |a politika európska susedská |
| 610 | 2 | 0 | |a vzťahy medzinárodné |
| 610 | 2 | 0 | |a bezpečnosť ekonomická |
| 100 | 1 | |a Zaplatynskyi, Vasyl | |
| 700 | 1 | |a Vook, Jozef | |